| 000 | 02339nam a2200505Ii 4500 | ||
|---|---|---|---|
| 001 | DIGARTEP0012 | ||
| 003 | NyNyDIG | ||
| 008 | 140611t20072007txu ob 000 f spa d | ||
| 006 | m o d | ||
| 007 | cr ||||||||||| | ||
| 040 |
_aDGITA _beng _erda _epn _cDGITA |
||
| 020 |
_a9781611921366 _q(eBook) |
||
| 020 |
_a1611921368 _q(eBook) |
||
| 020 | _z1558854800 (alk. paper) | ||
| 020 | _z9781558854802 (alk. paper) | ||
| 035 | _a(OCoLC)647675626 | ||
| 041 | 1 |
_aspa _aeng _hspa |
|
| 050 | 1 | 4 | _aPQ7297.E733 eBook |
| 100 | 1 |
_aEspinoza, Conrado, _d1897-1977, _eauthor. |
|
| 245 | 1 | 0 |
_aUnder the Texas sun / _cby Conrado Espinoza ; English translation by Ethriam Cash Brammer de Gonzales ; introduction by John Pluecker = El sol de Texas / por Conrado Espinoza ; traducción al inglés de Ethriam Cash Brammer de Gonzales ; introducción por John Pluecker. |
| 246 | 3 | 1 | _aSol de Texas |
| 250 | _aBilingual edition = Edición bilingüe. | ||
| 264 | 1 |
_aHouston, Texas : _bArte Público Press, _c[2007] |
|
| 264 | 4 | _c©2007 | |
| 300 | _a1 online resource (257 pages) | ||
| 336 |
_atext _btxt _2rdacontent |
||
| 337 |
_acomputer _bc _2rdamedia |
||
| 338 |
_aonline resource _bcr _2rdacarrier |
||
| 500 | _a"Recovering the U.S. Hispanic literary heritage"--Page [1] of cover. | ||
| 546 | _aParallel text in Spanish and English. | ||
| 520 | 0 | _aConsidered the first novel of Mexican immigration depicting the diverse experiences of Mexican immigrants. | |
| 588 | 0 | _aOnline resource; title from ePub and PDF title page (Digitalia, viewed June 13, 2014) | |
| 650 | 0 |
_aMexicans _zTexas _vFiction. |
|
| 655 | 0 | _aElectronic books. | |
| 700 | 1 | 2 |
_aEspinoza, Conrado, _d1897-1977. _tSol de Texas. _lEnglish. |
| 700 | 1 | 2 |
_aEspinoza, Conrado, _d1897-1977. _tSol de Texas. |
| 700 | 1 |
_aBrammer, Ethriam Cash, _etranslator. |
|
| 791 | 2 |
_aDigitalia (Firm), _edistributor. |
|
| 793 | 0 |
_gDigitalia eBook Collection: _aArte Público Press. |
|
| 776 | 0 | 8 |
_iPrint version: _aEspinoza, Conrado, 1897-1977. _tUnder the Texas sun. _dHouston, Texas : Arte Público Press, c2007 _z1558854800 _w(DLC) 2006051736 _w(OCoLC)74988508 |
| 830 | 0 | _aRecovering the U.S. Hispanic Literary Heritage Project publication. | |
| 856 | 4 | 0 |
_3Digitalia Hispánica _uhttps://www.digitaliapublishing.com/a/23231/ |
| 910 | _aPremium Collection: 2014 | ||
| 942 | _cRAA | ||
| 999 |
_c237562 _d237562 |
||